離島にある市町村 - Statistics

General Stats
  • This quiz has been taken 378 times
  • The average score is 57 of 78
Answer Stats
市町村 % Correct
利尻
98%
小笠原
97%
礼文
93%
佐渡
93%
淡路
93%
利尻富士
92%
大島
92%
南あわじ
92%
隠岐の島
91%
対馬
91%
小豆島
90%
八丈
89%
青ヶ島
89%
奥尻
88%
洲本
88%
壱岐
88%
五島
88%
三宅
87%
天草
87%
石垣
87%
屋久島
86%
奄美
86%
与那国
83%
宮古島
81%
西之表
80%
上天草
79%
南大東
79%
新島
78%
御蔵島
78%
周防大島
78%
土庄
78%
新上五島
78%
北大東
78%
利島
77%
粟島浦
77%
江田島
77%
中種子
77%
十島
77%
色丹
76%
神津島
76%
75%
南種子
75%
三島
73%
与論
73%
直島
71%
徳之島
71%
竹富
70%
姫島
66%
留夜別
65%
知夫
65%
蘂取
64%
海士
64%
大崎上島
64%
久米島
64%
紗那
63%
小値賀
62%
瀬戸内
62%
留別
61%
西ノ島
60%
龍郷
60%
伊江
60%
苓北
59%
喜界
59%
和泊
58%
伊是名
58%
宇検
57%
渡嘉敷
57%
知名
54%
粟国
54%
上島
53%
伊平屋
53%
長島
52%
渡名喜
52%
大和
51%
多良間
50%
天城
49%
座間味
47%
伊仙
45%
No matching quizzes found
Score Distribution
Percent of People with Each Score
Percentile by Number Answered
Your Score History
You have not taken this quiz